000 00335nam a2200133 i 4500
001 bg
100 1 _aMIETLIŃSKI, Zdzisław
245 0 _aObiekty technologiczne na placu budowy /
_cZdzisław Mietliński.
260 _aWarszawa,
_c1976.
040 _cBPK
041 _apol
942 _cKS
008 s pl f |000 0 pol
999 _c17058
_d17058
856 _uhttp://koha.tu.koszalin.pl/cgi-bin/koha/opac-detail.pl?biblionumber=17058
_yKatalog online BPK